Educating the-service teachers of educators as reflective practitioners (Record no. 356238)

000 -LEADER
fixed length control field 00404nam a2200133 4500
082 ## - DEWEY DECIMAL CLASSIFICATION NUMBER
Classification number MSITE-01 KOM
100 ## - MAIN ENTRY--PERSONAL NAME
Personal name Komal Farooq
245 ## - TITLE STATEMENT
Title Educating the-service teachers of educators as reflective practitioners
260 ## - PUBLICATION, DISTRIBUTION, ETC.
Place of publication, distribution, etc. Islamabad
Name of publisher, distributor, etc. NUST-SEECS
Date of publication, distribution, etc. 2017
300 ## - PHYSICAL DESCRIPTION
Extent 92p.
Accompanying material CD includes
942 ## - ADDED ENTRY ELEMENTS (KOHA)
Source of classification or shelving scheme
Holdings
Withdrawn status Lost status Source of classification or shelving scheme Damaged status Not for loan Collection code Permanent Location Current Location Shelving location Date acquired Source of acquisition Total Checkouts Full call number Barcode Date last seen Price effective from Koha item type
            Central Library (CL) Central Library (CL) General Stacks 03/08/2018 NUST-SEECS   MSITE-01 KOM SEECSP02268 03/08/2018 03/08/2018 Project Report
© 2023 Central Library, National University of Sciences and Technology. All Rights Reserved.